Un viaje a la luna / (Registro nro. 8476)

Detalles MARC
000 -LIDER
fixed length control field 00797nam a22003017a 4500
001 - NÚMERO DE CONTROL
Identificador de número de control 0074
003 - IDENTIFICACDOR DE NÚMERO DE CONTROL
control field DO-SdBNP
005 - DATE AND TIME OF LATEST TRANSACTION
control field 20221102102025.0
006 - DATOS DE LONGITUD FIJA / CARACTERÍSTICAS ADICIONALES MATERIAL CHARACTERISTICS
fixed length control field
007 - CAMPOS FIJOS DE DESCRIPCIÓN FÍSICA
fixed length control field
008 - ELEMENTOS DE LONGITUD FIJA
fixed length control field 151027b 1971 sp |||| 00| 0 spa d
040 ## - FUENTE DE CATALOGACIÓN
Agencia que crea de manera original el registro BPMSU
Idioma de catalogación spa
Agencia que realiza la transcripción BPMSU
082 #4 - NÚMERO DE CLASIFICACIÓN DECIMAL DE DEWEY
Classification number 843.8
Item number V531u 1971
Edition number 22
092 ## - LOCALLY ASSIGNED DEWEY DECIMAL CALL NUMBER
Número de clasificación
Número de ítem (Cutter)
100 1# - ASIENTO PRINCIPAL -- NOMBRE PERSONAL
Nombre personal Verne, Julio
Fechas asociadas con el nombre 1828-1905
245 ## - MENCIÓN DE TITULO
Título Un viaje a la luna /
Mención de responsabilidad Julio Verne
250 ## - MENCIÓN DE EDICION
Mención de edición 3a ed.
260 ## - PUBLICACIÓN, DISTRIBUCIÓN, ETC. (PIE DE IMPRENTA)
Lugar de publicación, distribución, etc Barcelona :
Nombre del editor, distribuidor, etc. Editorial Bruguera,
Fecha de publicación, distribución, etc 1971.
300 ## - DESCRIPCIÓN FÍSICA
Extensión 255 p. :
Otros detalles físicos il.,
Dimensiones 21 cm.
490 0# - MENCIÓN DE SERIES
Mención de serie Selección historias
Volume/sequential designation 3
500 ## - NOTA GENERAL
Nota general 250 ilustraciones
534 ## - NOTA SOBRE LA VERSIÓN ORIGINAL
Asiento principal del original Título original :
Mención del título original Un voyage a la lune
590 ## - NOTA LOCAL
Enlace Inventariado, 2022/VM
650 4# - ENCABEZAMIENTO DE MATERIA--TEMÁTICO
Término temático o nombre geográfico como elemento de entrada Novela francesa.
Subdivisión de forma
650 #4 - ENCABEZAMIENTO DE MATERIA--TEMÁTICO
Término temático o nombre geográfico como elemento de entrada Viajes
Subdivisión de forma Novela.
910 ## - VALIDACIÓN
Validación VMAteo V. /Validado
942 ## - ADDED ENTRY ELEMENTS (KOHA)
Source of classification or shelving scheme Dewey Decimal Classification
Koha item type Libros
Existencias
Withdrawn status Lost status Source of classification or shelving scheme Damaged status Not for loan Collection code Home library Current library Date acquired Source of acquisition Full call number Barcode Date last seen Price effective from Koha item type
    Dewey Decimal Classification     Colección General Biblioteca Pública Metropolitana Salomé Ureña Biblioteca Pública Metropolitana Salomé Ureña 11/02/2022 FUNDI BPMSU CG 843.8 V531v 1971 BPMSU22110005 11/02/2022 11/02/2022 Libros